Detalles MARC
| 000 -LEADER |
| fixed length control field |
01047nam a2200301 a 4500 |
| 001 - CONTROL NUMBER |
| control field |
000012501 |
| 003 - CONTROL NUMBER IDENTIFIER |
| control field |
DO-SdBNP |
| 005 - DATE AND TIME OF LATEST TRANSACTION |
| control field |
20150212161329.0 |
| 007 - PHYSICAL DESCRIPTION FIXED FIELD--GENERAL INFORMATION |
| fixed length control field |
000012501 |
| 008 - FIXED-LENGTH DATA ELEMENTS--GENERAL INFORMATION |
| fixed length control field |
091113s1986 dr 000 0 spa d |
| 040 ## - CATALOGING SOURCE |
| Original cataloging agency |
BPMET |
| Language of cataloging |
spa |
| Transcribing agency |
BPMET |
| 092 ## - LOCALLY ASSIGNED DEWEY CALL NUMBER (OCLC) |
| Classification number |
972.9304 |
| Item number |
E77i |
| 100 1# - MAIN ENTRY--PERSONAL NAME |
| Personal name |
Espaillat, Ulises Francisco, |
| Dates associated with a name |
1823-1878 |
| 245 10 - TITLE STATEMENT |
| Title |
Ideas de bien patrio / |
| Statement of responsibility, etc. |
Ulises Francisco Espaillat ; dirección Candido Gerón ; selección Emilio Rodríguez Demorizi. |
| 260 ## - PUBLICATION, DISTRIBUTION, ETC. (IMPRINT) |
| Place of publication, distribution, etc. |
Santo Domingo : |
| Name of publisher, distributor, etc. |
Biblioteca Nacional |
| Date of publication, distribution, etc. |
1986. |
| 300 ## - PHYSICAL DESCRIPTION |
| Extent |
92 p. ; |
| Dimensions |
23 cm. |
| 490 1# - SERIES STATEMENT |
| Series statement |
Orfeo |
| 504 ## - BIBLIOGRAPHY, ETC. NOTE |
| Bibliography, etc |
Incluye referencias bibliográficas y notas al pie de las páginas |
| 700 1# - ADDED ENTRY--PERSONAL NAME |
| Personal name |
Gerón, Candido, |
| Relator term |
dir. |
| 700 1# - ADDED ENTRY--PERSONAL NAME |
| Personal name |
Rodríguez Demorizi, Emilio |
| 830 #0 - SERIES ADDED ENTRY--UNIFORM TITLE |
| Uniform title |
Orfeo |
| 930 #1 - EQUIVALENCE OR CROSS-REFERENCE-UNIFORM TITLE HEADING [LOCAL, CANADA] |
| Language of a work |
BND01 |
| Medium of performance for music |
LF1 |
| Field link and sequence number |
20091113 |
| Date of a work |
01 |
| Name of part/section of a work |
HD |
| Miscellaneous information |
7419 |
| 930 #1 - EQUIVALENCE OR CROSS-REFERENCE-UNIFORM TITLE HEADING [LOCAL, CANADA] |
| Language of a work |
BND01 |
| Medium of performance for music |
LF1 |
| Field link and sequence number |
20100218 |
| Date of a work |
01 |
| Name of part/section of a work |
CT |
| Miscellaneous information |
7419 |
| Medium |
e. 2 |
| 942 ## - ADDED ENTRY ELEMENTS (KOHA) |
| Source of classification or shelving scheme |
Dewey Decimal Classification |
| Koha item type |
Libros |
| 956 ## - LOCAL ELECTRONIC LOCATION AND ACCESS (OCLC) |
| Host name |
VGENAO |
| Access number |
10 |
| Compression information |
20091113 |
| Logon |
BND01 |
| Processor of request |
1027 |
| 956 ## - LOCAL ELECTRONIC LOCATION AND ACCESS (OCLC) |
| Host name |
KLANTIGUA |
| Access number |
10 |
| Compression information |
20091113 |
| Logon |
BND01 |
| Processor of request |
1347 |
| 956 ## - LOCAL ELECTRONIC LOCATION AND ACCESS (OCLC) |
| Host name |
BTAVAREZ |
| Access number |
10 |
| Compression information |
20100218 |
| Logon |
BND01 |
| Processor of request |
1012 |